Statistics for Famous People Born in July

Click here to take the quiz!

General Stats

  • This quiz has been taken 81 times
  • The average score is 34 of 79

Answer Stats

Answer% Correct
Triple H
88%
Princess Diana
86%
Tom Cruise
86%
George W. Bush
83%
Jennifer Lopez
79%
Nelson Mandela
79%
Sylvester Stallone
79%
Robin Williams
76%
Tom Hanks
76%
O.J. Simpson
71%
Bill Cosby
69%
Gerald Ford
69%
Henry Ford
69%
Kevin Bacon
67%
Kevin Spacey
67%
Vin Diesel
67%
Kevin Hart
64%
Selena Gomez
64%
Arnold Schwarzenegger
62%
Benedict Cumberbatch
62%
Daniel Radcliffe
62%
Larry David
60%
Matt LeBlanc
60%
Philip Seymour Hoffman
60%
Ringo Starr
60%
Woody Harrelson
60%
Bert
57%
Sandra Bullock
57%
Julius Caesar
55%
Patrick Stewart
55%
Will Ferrell
55%
Forest Whitaker
52%
Lisa Kudrow
52%
Tom Kenny
52%
David Hasselhoff
50%
Helen Mirren
50%
Hilary Swank
48%
David Spade
45%
Willem Dafoe
45%
Amelia Earhart
43%
Alex Trebek
40%
John Glenn
40%
Michelle Rodriguez
40%
Danny Glover
38%
Laurence Fishburne
38%
Liv Tyler
36%
Anna Paquin
33%
Charlie Murphy
33%
Cheech Marin
33%
Don Knotts
33%
John Quincy Adams
33%
Kristen Bell
33%
Calvin Coolidge
31%
Dan Aykroyd
31%
Lindsay Lohan
31%
John Leguizamo
26%
Ned Beatty
24%
Jennifer Saunders
21%
Phyllis Smith
21%
Yeardley Smith
21%
Ashley Tisdale
19%
E.B. White
19%
Huey Lewis
19%
Jeffrey Tambor
19%
Kristin Chenoweth
19%
Lynda Carter
19%
Phyllis Diller
19%
Albert Brooks
17%
Chris Cooper
17%
Jim Bob Duggar
14%
Billy Mays
12%
Lori Loughlin
12%
Urban Meyer
12%
Judy Greer
10%
Josh Radnor
7%
Brad Renfro
2%
Brian Grazer
2%
Fred Quimby
2%
Susan Bennett
2%

Score Distribution

Percentile by Number Answered

Percent of People with Each Score

Your Score History

You have not taken this quiz